UBT Library

ELEMENTARY STATISTICS (Record no. 59964)

000 -LEADER
fixed length control field 00327nam a22001457a 4500
008 - FIXED-LENGTH DATA ELEMENTS--GENERAL INFORMATION
fixed length control field 230614b ||||| |||| 00| 0 eng d
020 ## - INTERNATIONAL STANDARD BOOK NUMBER
International Standard Book Number 9780321851673
041 ## - LANGUAGE CODE
Language code of text/sound track or separate title eng
080 ## - UNIVERSAL DECIMAL CLASSIFICATION NUMBER
Edition identifier 5TH EDITION
Universal Decimal Classification number 311
082 ## - DEWEY DECIMAL CLASSIFICATION NUMBER
Classification number 311TRI
100 ## - Rafti
Rafti 24
101 ## - Shkurtesa
Shkurtesa STS
245 ## - TITLE STATEMENT
Title ELEMENTARY STATISTICS
Statement of responsibility, etc TRIOLA.F.M
942 ## - ADDED ENTRY ELEMENTS (KOHA)
Source of classification or shelving scheme
Item type Books
Holdings
Withdrawn status Lost status Source of classification or shelving scheme Damaged status Not for loan Collection code Permanent location Current location Date acquired Total Checkouts Full call number Barcode Date last seen Price effective from Koha item type
          Koleksioni i përgjithshem UBT - Lipjan UBT - Lipjan 06/14/2023   311TRI 002-800080575 06/14/2023 06/14/2023 Books
          Koleksioni i përgjithshem UBT - Lipjan UBT - Lipjan 06/14/2023   311TRI 002-800080576 06/14/2023 06/14/2023 Books
          Koleksioni i përgjithshem UBT - Lipjan UBT - Lipjan 07/18/2023   311TRI 002-800080861 07/18/2023 07/18/2023 Books
UBT Library © 2015-2024. All rights reserved University Education for Business and Technology